000 00498nam a22001697a 4500
003 UA-OsUOA
001 18141
007 ta
008 20040420b un ||||| |||| 00| 0 ukr d
942 _cSA
040 _aUA-OsUOA
_cUA-OsUOA
_dUA-OsUOA
245 _aПам'ять про кобзаря
_b[Увічнення пам'яті А.Грицая]
300 _aС.12
955 _a0
773 0 _w0
_tВолинські відомості
_dРівне
_d2004
_gЧ.1/2
650 7 _aГрицай А.
_2UDC
999 _c304311
_d304311